| 000 | 00544nam a2200217Ia 4500 | ||
|---|---|---|---|
| 003 | GCL | ||
| 008 | 140319s9999 xx 000 0 eng d | ||
| 040 |
_aGCL / _cGCL |
||
| 082 | 0 | 4 |
_aCC _b726.2 _bA M |
| 100 | 1 | _aAHMAD, MAHMUD | |
| 245 | 1 | 0 |
_aTHE MOSQUE OF AMR IBN AL-AS AT FUSTAT / _cAHMAD, MAHMUD |
| 260 |
_a[S.N] : _bGOVERNMENT PRESS ، _c1939 |
||
| 300 | _a57 | ||
| 650 | 0 | 4 | _aنجد |
| 650 | 0 | 4 | _aISLAM - HISTORY |
| 650 | 0 | 4 | _aEGYPT |
| 650 | 0 | 4 | _aMOSQUES |
| 650 | 0 | 4 | _aAMR IBN AL-AS |
| 650 | 0 | 4 | _aEGYPT - HISTORY |
| 942 |
_2ddc _cBK |
||
| 999 |
_c20214 _d20214 |
||